000 00501nam a2200157 i 4500
001 147806
003 ES-MaACL
005 20230906202250.0
007 t|
008 071005s1939 sp ||||1| spa d
100 1 _aUña, Diego.
_9112040
245 1 0 _aLiturgia de la Iglesia
_b: obra de texto oficial en los institutos nacionales : 3º curso /
_cDiego Uña Calleja.
260 _aLa coruña :
_bEl Ideal Gallego,
_c(s.a. 1939.
300 _a203 p. ;
_c24 cm.
852 _aES-MaACL
_jA-4942
_bR.16925
999 _c147806
_d147806